| 000 | 01069nam a22002297a 4500 | ||
|---|---|---|---|
| 005 | 20140214121127.0 | ||
| 010 | _aENG-108581 | ||
| 020 |
_a9788131727911 _c1400.00 |
||
| 035 | _aEN-92114 | ||
| 037 | _bDBAD/PUB | ||
| 082 | _a330.934 | ||
| 100 | 1 |
_aHabib, Irfan _d1931- |
|
| 245 | 1 | 0 |
_aEconomic history of medieval India, 1200-1500 / _cby Irfan Habib with contributions from Najaf Haider, Iqtidar Alam Khan, Shireen Moosvi [and] Pushpa Prasad. |
| 260 |
_aNew Delhi _bPearson _c2011 |
||
| 270 |
_a11, Community Centre, Panchsheel Park _bNew Delhi _e110017 |
||
| 300 |
_axix, 231p. : _bmap _c29cm(Hb) |
||
| 490 | 0 | _aHistory of science, philosophy, and culture in Indian civilization. V. VIII part 1 ; edited by D.P. Chattopadhyaya | |
| 500 | _aIncludes bibliographical references (pages [217]-225) and index | ||
| 710 | 2 |
_aProject of History of Indian Science, Philosophy, and Culture _bSub Project: Consciousness, Science, Society, Value, and Yoga |
|
| 710 | 2 | _aCentre for Studies in Civilizations (Delhi, India) | |
| 942 |
_2ddc _cEN _mHAB _h330.934 |
||
| 999 |
_c79804 _d79804 |
||